MDQL
is popping MORE tags! Check the
thread
!
Quizzes
Events
Quiz Creation
Community
Videos
Private Events
Remove Ads
Sign In
Join for FREE
Feedback
Dark Mode
Quiz Categories
Sports
Geography
Music
Movies
Television
Just For Fun
Miscellaneous
History
Literature
Language
Science
Gaming
Entertainment
Religion
Holiday
For Kids
Quiz Lab
Recent
Popular Today
Quiz Kudos Today
Editor Picks
Curator Picks
Quizzes by...
Day
Popularity
Type
Ratings
Length
Year
Community
Subscriptions
Recent Discussions
Orange Saloon
Badges
Playlists
Quests
Create
Leaderboards
Showdown
Live 5
Trivia Bingo
Activity
Puzzle Library
Sporcle Events
Private Events
Virtual Trivia
Globe League
Become a Host
Pub Owners
SporcleCon
Opinionation
Our Games
Videos
Blog
Mobile Apps
Partnerships
Remove Ads and Go Orange
Feedback
Geography
Country
Landmarks
City
State
Population
World
Capital
Continent
Flags
Europe
Africa
Asia
South America
North America
Oceania
Border
Canada
United Kingdom
Topography
United States
Geography
Country
Landmarks
City
State
Population
World
Capital
Continent
Flags
Europe
Africa
Asia
South America
North America
Oceania
Border
Canada
United Kingdom
Topography
United States
Random Quiz
Search Sporcle
×
Quiz Lab
Quiz Lab
Geography
Municipality
Type in answers that appear in a list
Type in answers that appear in a list
Classic
Best Score? Go Orange.
Municipality Groupings in NJ Stats
Can you name the Municipality Groupings in NJ?
By
ilpaesaggista
10m
21 Questions
43 Plays
43 Plays
43 Plays
Comments
Comments
Give Quiz Kudos
Give Quiz Kudos
-
- Ratings
hide this ad
Replay
Link that replays current quiz
Next Quiz
Link to next quiz in quiz playlist
You Got
0%
They Got
Avg Score
84%
Avg Friend Score
Upgrade to see
Score Distribution
Jump to the score distribution portion of the page
Score
0/21
Timer
10:00
0
Plays Today
Group Name
Municipality Name
% Correct
The Wildwoods
Wildwood
97.7%
The Brunswicks
New Brunswick
97.7%
The Brunswicks
North Brunswick
95.3%
The Oranges
East Orange
95.3%
The Oranges
West Orange
95.3%
The Plainfields
Plainfield
95.3%
The Amboys
Perth Amboy
93%
The Brunswicks
South Brunswick
93%
The Oranges
Orange
93%
The Oranges
South Orange
93%
The Ridgefields
Ridgefield
90.7%
Group Name
Municipality Name
% Correct
The Wildwoods
North Wildwood
88.4%
The Brunswicks
East Brunswick
88.4%
The Caldwells
Caldwell
88.4%
The Amboys
South Amboy
86%
The Plainfields
North Plainfield
83.7%
The Plainfields
South Plainfield
83.7%
The Caldwells
North Caldwell
79.1%
The Caldwells
West Caldwell
79.1%
The Wildwoods
Wildwood Crest
60.5%
The Wildwoods
West Wildwood
58.1%
Quiz Playlist
Details
Report
Send in Message
Add To Playlist
Classic:
Type in answers that appear in a list
Last Updated: Jun 21, 2017
Quiz Scoreboard
CHALLENGE
Sign Up to Join the Scoreboard
Show All
Scores
Hide
Comments
May contain spoilers
Recently Published
Two Season TV Shows II
by 123Four
Television
10m
Image Sorting: Flags VI
by Barbecue
Geography
2m
Find the 'City' Movie
by crazypaving
Movies
60s
More to Explore
Quiz From the Vault
Featured Blog Post
14 Easter Pick-up Lines to Find Eggs With
hide this ad
You Might Also Like...
Tags
group
Municipality
Municipality Groupings
Today's Top Quizzes in Geography
Browse Geography
hide this ad
Today's Top Quizzes in Municipality
Browse Municipality
Top Contributed Quizzes in Geography
1
Colored Red Europe Blitz I
2
Countries of the World - No Outlines Minefield
3
Colored Red Africa Blitz II
4
Colored Red Europe Blitz II
5
Colored Red Europe Blitz III
6
Colored Red Africa Blitz III
7
Colored Red States Blitz I
8
Colored Red States Blitz II
9
Colored Red States Blitz III
10
A Different View: World Oceans
Explore More
Trending Topics
Crossword
Disney
Marvel
NBA
Harry Potter
Kpop
Anime
WWE
Song
Pokémon
Soccer
NFL
The Office
Puzzle
Country
hide this ad
More By:
ilpaesaggista
Quiz
Plays
Rating
Category
Featured
Created
New Jersey Cities by County
383
3.33
Geography
Feb 20, 2010
Robert Moses Projects
61
2.00
Geography
Feb 27, 2010
Rest Stops on the NJ Turnpike
55
2.67
Geography
Feb 21, 2010
New Jersey Counties by Musicians
48
2.00
Geography
Aug 18, 2010
Municipality Groupings in NJ
43
2.00
Geography
Feb 27, 2010
Go to Creator's Profile
Score Distribution
Quiz Creator Spotlight
ilpaesaggista
Follow
Send a Message
Quizzes Created
-
Created Quiz Play Count
-
More By This Creator
Popular Quizzes Today
1
Find the US States - No Outlines Minefield
2
Colored Red Africa Blitz
3
Find the 'City' Movie
4
5x2 Blitz: Bands
5
The Countries of the World
6
Find the Countries of Europe - No Outlines Minefield
7
Find the US States
8
US States
More Geography Quizzes
Country Flags by Last Letter
Quiz Lab
Trending Quizzes
Colored Red Europe Blitz I
Colored Red Africa Blitz II
Colored Red Europe Blitz II
Colored Red Europe Blitz III
Colored Red Africa Blitz III
Recently Updated
How Do You Spell That?
pecheneg
Godzilla Movies
pecheneg
Grab Bag: 4-10 Letters
pecheneg
2024 March Madness Bracket
pecheneg
Famous TV Couples
Peacemaker
Champions League XIs: Real Madrid
pecheneg
Largest US Cities 1790-2010
pecheneg
Rides in Walt Disney World
pecheneg
Most Oscar Losses (Acting)
pecheneg
Beyoncé Albums
pecheneg
Trending Topics
Marvel
Crossword
Kpop
NBA
Disney
Harry Potter
Anime
Puzzle
The Office
Pokémon
Country
NFL
Soccer
WWE
Song
Your Account Isn't Verified!
In order to create a playlist on Sporcle, you need to verify the email address you used during registration. Go to your
Sporcle Settings
to finish the process.
Report this User
Report this user for behavior that violates our
Community Guidelines
.
Details:
Send Report
Go to the Sporcle.com Mobile Site →
Comments